| 000 | 00615nam a2200181Ia 4500 | ||
|---|---|---|---|
| 003 | GCL | ||
| 008 | 140319s9999 xx 000 0 ara d | ||
| 040 |
_aGCL / _cGCL |
||
| 082 | 0 | 4 |
_a634 _bع م |
| 100 | 1 | _aعاطف محمد ابراهيم | |
| 245 | 1 | 0 |
_aمشاتل اكثار المحاصيل للبستانية: فاكهة زهور- نباتات - زينة خضر / _cعاطف محمد ابراهيم |
| 700 | 1 | _aمحمد السيد هيكل | |
| 260 |
_a[S.N] : _bمنشاة المعارف الاسلامية ، _c1991 |
||
| 300 | _a532 ص | ||
| 490 | _a | ||
| 650 | 0 | 4 | _aالبساتين |
| 942 |
_2ddc _cBK |
||
| 999 |
_c33171 _d33171 |
||